Science Quiz

Random Science Quiz

20 Amino Acids by Properties Quiz Stats

 Plays Quiz not verified by Sporcle

Also try: Java Keywords
Challenge
Share
Tweet
Embed
Score 0/19 Timer 06:00
0 Plays Today
Property % Correct
Very Non PolarAlanine
92.8%
Very Non PolarLeucine
92%
Very Non PolarIsoleucine
91.4%
Moderately Non Polar Glycine
90.2%
Very Non PolarValine
89.8%
Very Non PolarPhenylalanine
85.3%
Positively ChargedHistidine
84.5%
Very Non PolarMethionine
84.2%
Positively ChargedLysine
83.6%
Polar unchargedSerine
83.2%
Property % Correct
Moderately Non PolarTyrosine
82.7%
Polar Uncharged Glutamine
82.6%
Polar UnchargedAsparagine
82.6%
Moderately Non PolarProline
82.3%
Positively ChargedArginine
81.9%
Polar unchargedThreonine
81.2%
Moderately Non PolarCysteine
79.1%
Negatively ChargedGlutamate
74.5%
Negatively ChargedAsparatate
25.1%

You're not logged in!

Compare scores with friends on all Sporcle quizzes.
OR
Log In

You Might Also Like...

Show Comments

Extras

Created Sep 19, 2011ReportNominate
Tags:acid, amino, property

Top Quizzes Today


Score Distribution

Your Account Isn't Verified!

In order to create a playlist on Sporcle, you need to verify the email address you used during registration. Go to your Sporcle Settings to finish the process.

Report this User

Report this user for behavior that violates our Community Guidelines.

Details: